Little Miss Sunshine - Trivia - Statistics

General Stats
  • This quiz has been taken 12 times
  • The average score is 8 of 15
Answer Stats
Question Answer % Correct
What does the family have to do to their car each time they drive it after a part stops working? Push it
91%
Where does the family stash the grandfather's body? Trunk
91%
What brand of car did the family road trip in? Volkswagen
91%
What does Dwayne refuse to do for the first half of the movie? Speak
82%
What side does Olive get with her waffles at breakfast? Ice cream
73%
What academy does Dwayne intend to join? Air Force
64%
What song did Olive perform her dance to for the pagent show? Super Freak
64%
What heartbreaking discovery does Dwayne discover while going through hospital pamphlets with his sister? Color blind
55%
What insulting word does Dwayne call his family members during his meltdown? Loser
55%
What is the profession of the uncle, Frank? Professor
36%
What state is pageant in? Arizona
27%
Who does Frank run into at a gas station while buying magazines and a slushy? Ex boyfriend
27%
What is the controversial phrase written on Dwayne's yellow t-shirt regarding christianity? Jesus was wrong
18%
Richard tries to sell his program to this man portrayed by Bryan Cranston Stan Grossman
18%
What car does the family also own that is too small to transport them out of town? Miata
0%
No matching quizzes found
Score Distribution
Percent of People with Each Score
Percentile by Number Answered
Your Score History
You have not taken this quiz